00573 a2200181 4500003000400000005001700004008004100021020001800062040000900080082001900089100002100108245002400129260003900153300000900192942004400201952012900245999001700374OSt20231223114310.0231223b |||||||| |||| 00| 0 eng d a9789350008911 coclc a891.431bTRI/A aTrilochan910203 aARGHAN /cTrilochan aNew Delhi:bVani Prakashan,c2015. a131p 2ddccBKh891.431iTRI/Ak891.431mTRI/A 00102ddc40708POEaMESbMEScHINd2023-12-23l0o891.431 TRI/Ap43177r2023-12-23 11:43:58v200.00w2023-12-23yBKzGR6R5 c43543d43543